[Event "Sparkassen-Open B"]
[Site "Heusenstamm, Martinsee"]
[Date "2021.11.20"]
[Round "4.14"]
[White "Ulrich, Helena Irene"]
[Black "Schwenk, Stefan"]
[Result "1/2-1/2"]
[WhiteElo "1537"]
[BlackElo "1719"]
[PlyCount "101"]
[EventDate "2021.??.??"]
[WhiteTeam "SV Medizin Erfurt"]
[BlackTeam "SK Geisenheim"]

1. e4 c5 2. Nf3 e6 3. d4 cxd4 4. Nxd4 Nc6 5. Nc3 a6 6. Be2 Nf6 7. Nxc6 bxc6 8.
e5 Nd5 9. Ne4 Qc7 10. Nd6+ Bxd6 11. exd6 Qxd6 12. c4 Qb4+ 13. Bd2 Qxb2 14. cxd5
cxd5 15. Bf3 O-O 16. O-O a5 17. Be3 Ba6 18. Bd4 Qa3 19. Re1 f6 20. Re3 Qd6 21.
Rc3 Rfc8 22. Rac1 Rxc3 23. Rxc3 Bb5 24. Bc5 Qc6 25. Bd4 Bc4 26. Qc1 Rc8 27. Be3
Qd6 28. Qd2 Qb4 29. Rc2 Rb8 30. h3 Qxd2 31. Rxd2 Rb1+ 32. Kh2 Ra1 33. Bd4 Rxa2
34. Rxa2 Bxa2 35. Bd1 Kf7 36. Bc3 e5 37. Bxa5 d4 38. Kg3 g6 39. Bc2 Bd5 40. f3
Ke6 41. Bb4 Bc4 42. Kf2 d5 43. Bd2 f5 44. Kg3 e4 45. fxe4 dxe4 46. Kf4 Bf1 47.
g4 h6 48. gxf5+ gxf5 49. Bxe4 Bxh3 50. Bf3 Kf6 51. Kg3 1/2-1/2

[Event "Sparkassen-Open B"]
[Site "Heusenstamm, Martinsee"]
[Date "2021.11.20"]
[Round "4.15"]
[White "Wartenberg, Alissa"]
[Black "Schmid, Leon"]
[Result "1/2-1/2"]
[WhiteElo "1586"]
[BlackElo "1536"]
[PlyCount "99"]
[EventDate "2021.??.??"]
[WhiteTeam "Hamburger SK"]
[BlackTeam "SF Heidesheim"]

1. e4 c5 2. Nf3 Nc6 3. d4 cxd4 4. Nxd4 Nf6 5. Nc3 e5 6. Nf3 Bb4 7. Bd3 h6 8.
O-O O-O 9. Bd2 a6 10. Nd5 Bxd2 11. Qxd2 b5 12. Qc3 Re8 13. a3 Bb7 14. Nh4 Nxd5
15. exd5 Nd4 16. Nf5 Nxf5 17. Bxf5 Bxd5 18. Rad1 Bc6 19. f3 Qb6+ 20. Kh1 d5 21.
Rfe1 d4 22. Qd3 Re7 23. f4 f6 24. fxe5 fxe5 25. Qg3 Qc7 26. Qg6 Bd7 27. Qh7+
Kf7 28. Bg6+ Ke6 29. Be4 Rf8 30. Rf1 Rxf1+ 31. Rxf1 Kd6 32. Qg6+ Be6 33. b4 Rf7
34. Rd1 Qc4 35. Bd3 Qc3 36. Qg3 Bc4 37. Qg6+ Ke7 38. Qxa6 Bxd3 39. cxd3 Qxd3
40. Qb7+ Kd6 41. Qb6+ Kd7 42. Qb7+ Kd6 43. Qb8+ Kd7 44. Qa7+ Kd8 45. Qa8+ Kd7
46. Qd5+ Kc8 47. Rc1+ Rc7 48. Qe6+ Kb7 49. Qd5+ Kc8 50. Qe6+ 1/2-1/2

[Event "Sparkassen-Open B"]
[Site "Heusenstamm, Martinsee"]
[Date "2021.11.20"]
[Round "4.16"]
[White "John, Volkmar"]
[Black "Werner, Florin"]
[Result "0-1"]
[WhiteElo "1693"]
[BlackElo "1504"]
[PlyCount "66"]
[EventDate "2021.??.??"]
[WhiteTeam "SK Herborn"]
[BlackTeam "VSG Offenbach"]

1. Nf3 d5 2. c4 e6 3. e3 Nf6 4. Nc3 Be7 5. d4 O-O 6. Be2 dxc4 7. Bxc4 c5 8. O-O
Nc6 9. a3 a6 10. dxc5 Bxc5 11. b4 Be7 12. Bb2 e5 13. Qb3 h6 14. Rfd1 Qc7 15. h3
Bf5 16. Nd5 Nxd5 17. Bxd5 Bf6 18. Rac1 Rac8 19. a4 Qb6 20. Bxc6 Rxc6 21. Rxc6
Qxc6 22. Bxe5 Bc2 23. Qd5 Bxd1 24. Qxd1 Rd8 25. Bd4 Qc4 26. Qb1 Qe2 27. Qb3
Bxd4 28. Nxd4 Qe1+ 29. Kh2 Qxf2 30. b5 Qf6 31. bxa6 bxa6 32. Qc4 Qe5+ 33. Kg1
Qxe3+ 0-1

[Event "Sparkassen-Open B"]
[Site "Heusenstamm, Martinsee"]
[Date "2021.11.20"]
[Round "4.17"]
[White "Friedel, Thomas"]
[Black "Raghavan, Badrinarayanan"]
[Result "1-0"]
[WhiteElo "1576"]
[BlackElo "1693"]
[PlyCount "89"]
[EventDate "2021.??.??"]
[WhiteTeam "SV Groß-Gerau"]
[BlackTeam "SK Gießen"]

1. Nf3 g6 2. g3 Bg7 3. Bg2 e5 4. d3 d5 5. c3 c5 6. O-O Nc6 7. Nbd2 Nge7 8. e4
d4 9. c4 O-O 10. Nh4 g5 11. Nf5 Nxf5 12. exf5 Bxf5 13. Be4 Bh3 14. Bxh7+ Kxh7
15. Qh5+ Kg8 16. Qxh3 f6 17. Ne4 b6 18. Qe6+ Kh7 19. Qxc6 Kg6 20. Nxg5 Qc8 21.
Qxc8 Raxc8 22. Ne6 Rf7 23. Nxg7 Kxg7 24. Kg2 Re8 25. f3 f5 26. Bd2 Rfe7 27.
Rae1 a5 28. h3 Kf6 29. Re2 a4 30. Rfe1 b5 31. h4 Rb7 32. Bg5+ Kg6 33. cxb5 Rxb5
34. Bc1 Kf6 35. f4 c4 36. dxc4 Rc5 37. b3 axb3 38. axb3 e4 39. g4 d3 40. Bb2+
Kg6 41. h5+ Kh6 42. Rd2 fxg4 43. Be5 Rcxe5 44. fxe5 Rxe5 45. Rxd3 1-0

[Event "Sparkassen-Open B"]
[Site "Heusenstamm, Martinsee"]
[Date "2021.11.20"]
[Round "4.18"]
[White "Kosak, Karolina"]
[Black "Spelleken, Hans-Gerd"]
[Result "1/2-1/2"]
[WhiteElo "1319"]
[BlackElo "1691"]
[PlyCount "86"]
[EventDate "2021.??.??"]
[WhiteTeam "SV Frankfurt Nord"]
[BlackTeam "SC Kahl"]

1. e4 d5 2. exd5 Qxd5 3. Nc3 Qd8 4. d4 c6 5. Nf3 Nf6 6. Be3 Bg4 7. h3 Bh5 8. g4
Bg6 9. Ne5 e6 10. Nxg6 hxg6 11. Bd3 Nbd7 12. f4 Bb4 13. Bd2 Nd5 14. Nxd5 Bxd2+
15. Qxd2 Qh4+ 16. Qf2 cxd5 17. c3 Nf6 18. Qxh4 Rxh4 19. Kf2 Ke7 20. f5 gxf5 21.
gxf5 Ne4+ 22. Bxe4 dxe4 23. fxe6 Kxe6 24. Rag1 Rg8 25. Rg4 g5 26. Rhg1 Rxg4 27.
hxg4 Rh8 28. Kg3 b5 29. Re1 f5 30. gxf5+ Kxf5 31. Rf1+ Ke6 32. Kg4 Rh2 33. Kxg5
Rxb2 34. Re1 Kd5 35. Kf4 Rf2+ 36. Ke3 Rc2 37. Kf4 Rxa2 38. Rxe4 Ra3 39. Re7 Kc6
40. Re6+ Kd7 41. Re5 Rb3 42. Rh5 a5 43. c4 bxc4 1/2-1/2

[Event "Sparkassen-Open B"]
[Site "Heusenstamm, Martinsee"]
[Date "2021.11.20"]
[Round "4.19"]
[White "Wartenberg, Julian"]
[Black "Meuer, David"]
[Result "0-1"]
[WhiteElo "1531"]
[BlackElo "1649"]
[PlyCount "74"]
[EventDate "2021.??.??"]
[WhiteTeam "Hamburger SK"]
[BlackTeam "SV Lahnstein"]

1. c4 e5 2. g3 Nf6 3. Bg2 d5 4. cxd5 Nxd5 5. Nc3 Nb6 6. Nf3 Nc6 7. O-O Be7 8.
d3 g5 9. Be3 g4 10. Nd2 h5 11. Qc1 Be6 12. Nde4 f5 13. Nc5 Bxc5 14. Bxc5 Qd7
15. Qg5 Qf7 16. a3 Rg8 17. Qd2 Qd7 18. Be3 O-O-O 19. Bg5 Rdf8 20. Rfc1 Nd4 21.
Qe3 Nb3 22. Bh6 Rf6 23. Bg5 Rfg6 24. Bh4 Nxa1 25. Rxa1 Re8 26. Qxe5 Bd5 27. Qf4
Bxg2 28. Kxg2 Nd5 29. Qd2 Rge6 30. Re1 Re5 31. Bg5 Nxc3 32. bxc3 Qe6 33. Kf1
Qb3 34. Qc1 Ra5 35. c4 Qxa3 36. Qf4 Qb2 37. d4 Ra4 0-1

[Event "Sparkassen-Open B"]
[Site "Heusenstamm, Martinsee"]
[Date "2021.11.20"]
[Round "4.20"]
[White "Kuchta, Maksim"]
[Black "Burow, Roger"]
[Result "0-1"]
[WhiteElo "1490"]
[BlackElo "1634"]
[PlyCount "68"]
[EventDate "2021.??.??"]
[WhiteTeam "SC Heusenstamm"]
[BlackTeam "SV Kelsterbach"]

1. e4 e5 2. Nf3 Nc6 3. d4 exd4 4. Nxd4 d6 5. Bc4 Nf6 6. O-O Be7 7. Nc3 O-O 8.
Bf4 Ne5 9. Bxe5 dxe5 10. Nf3 Bd6 11. h3 h6 12. Re1 c6 13. Qe2 Qc7 14. Rad1 a6
15. Bb3 b5 16. a3 Bb7 17. Nh4 Rad8 18. Nf5 Bc5 19. Qf3 Kh7 20. Qg3 g6 21. Qh4
Nh5 22. g4 gxf5 23. Qxh5 fxg4 24. hxg4 Bc8 25. g5 Rd6 26. Rxd6 Qxd6 27. Bxf7
Bxf2+ 28. Kxf2 Qd2+ 29. Ne2 Qxg5 30. Qxg5 hxg5 31. Kg2 Rxf7 32. Rh1+ Kg6 33. b4
Bg4 34. Ng3 Bf3+ 0-1

[Event "Sparkassen-Open B"]
[Site "Heusenstamm, Martinsee"]
[Date "2021.11.20"]
[Round "4.21"]
[White "Rotärmel, Leonie"]
[Black "Bergner, Matthias"]
[Result "1/2-1/2"]
[WhiteElo "1389"]
[BlackElo "1632"]
[PlyCount "99"]
[EventDate "2021.??.??"]
[WhiteTeam "SV Oberursel"]
[BlackTeam "SV Neu-Isenburg"]

1. e4 d5 2. exd5 g6 3. Nc3 Nf6 4. d4 Bg7 5. Nf3 O-O 6. Be2 b6 7. O-O Bb7 8. h3
Nxd5 9. Nxd5 Bxd5 10. c3 Bb7 11. Be3 Nd7 12. Qd2 Nf6 13. Bh6 Ne4 14. Qe3 e6 15.
Bxg7 Kxg7 16. Bd3 Nd6 17. Rfe1 Bxf3 18. Qxf3 Qd7 19. Be4 Nxe4 20. Qxe4 Rfd8 21.
Qe5+ Kg8 22. Re3 Qd6 23. Rae1 Qxe5 24. Rxe5 Rac8 25. Kf1 c5 26. dxc5 Rxc5 27.
Rxc5 bxc5 28. Ke2 Kf8 29. Rd1 Rb8 30. Rd2 Ke7 31. Kd3 Rd8+ 32. Ke2 Rd5 33. Rxd5
exd5 34. Kd3 a5 35. b3 Kd6 36. a3 Kc6 37. b4 a4 38. g3 f6 39. f3 h6 40. f4 h5
41. g4 hxg4 42. hxg4 Kb5 43. f5 g5 44. Ke3 Kc4 45. Kd2 Kb5 46. Kd3 Kc6 47. Kc2
Kb6 48. Kd2 Kc6 49. Kc2 Kb6 50. Kd2 1/2-1/2

[Event "Sparkassen-Open B"]
[Site "Heusenstamm, Martinsee"]
[Date "2021.11.20"]
[Round "4.23"]
[White "Leichum, Engelbert"]
[Black "Ziegler, Christopher"]
[Result "0-1"]
[WhiteElo "1603"]
[BlackElo "1443"]
[PlyCount "74"]
[EventDate "2021.??.??"]
[WhiteTeam "VL Frankfurt"]
[BlackTeam "SV Kelsterbach"]

1. e4 e5 2. d4 exd4 3. c3 d3 4. Bxd3 Bc5 5. Bc4 d6 6. Nf3 Nf6 7. e5 Ng4 8. O-O
O-O 9. Bg5 Qe8 10. exd6 Bxd6 11. h3 Ne5 12. Nbd2 Nxc4 13. Nxc4 Bc5 14. Re1 Qb5
15. b3 Be6 16. Re4 Nd7 17. a4 Qc6 18. Qc2 Bf5 19. Rae1 Rae8 20. Nfd2 h6 21. Bh4
g5 22. Qd1 Bxe4 23. Na5 Qd5 24. Qg4 Bf5 25. Qd1 gxh4 26. Rf1 Bd3 27. Qg4+ Kh7
28. Rd1 Rg8 29. Qf3 Qxf3 30. Nxf3 Ne5 31. Nxe5 Rxe5 32. Rxd3 Re1+ 33. Kh2 Bxf2
34. g4 hxg3+ 35. Kg2 Rg1+ 36. Kf3 g2 37. Kxf2 Rf1+ 0-1

[Event "Sparkassen-Open B"]
[Site "Heusenstamm, Martinsee"]
[Date "2021.11.20"]
[Round "4.24"]
[White "Kirchner, Stefan"]
[Black "Spelleken, Mark"]
[Result "0-1"]
[WhiteElo "1598"]
[BlackElo "1434"]
[PlyCount "90"]
[EventDate "2021.??.??"]
[WhiteTeam "SF Schöneck"]
[BlackTeam "SC Kahl"]

1. e4 e5 2. Nf3 Nc6 3. Bc4 Bc5 4. c3 d6 5. O-O Bg4 6. b4 Bb6 7. a4 a6 8. d3 h6
9. a5 Ba7 10. Be3 Nf6 11. Bxa7 Nxa7 12. Nbd2 O-O 13. Qc2 Qe7 14. Rfe1 Nh5 15.
d4 Nf4 16. Bf1 Rfd8 17. d5 c6 18. Bc4 Nb5 19. Re3 Nc7 20. Qb3 Kf8 21. Nf1 Qf6
22. Ng3 cxd5 23. Bxd5 Ncxd5 24. exd5 h5 25. Ne4 Qg6 26. Nh4 Qh7 27. Rae1 Qh6
28. h3 Bd7 29. Ng3 g5 30. Nf3 g4 31. hxg4 Bxg4 32. Nh2 Qg5 33. Ne4 Qg6 34. Rg3
f5 35. f3 h4 36. Rxg4 fxg4 37. Nxg4 Ke7 38. Kf2 Nd3+ 39. Ke2 Nxe1 40. Kxe1 Rh8
41. Nef2 Raf8 42. c4 Qg5 43. Nh3 Qc1+ 44. Ke2 e4 45. fxe4 Qf1+ 0-1

[Event "Sparkassen-Open B"]
[Site "Heusenstamm, Martinsee"]
[Date "2021.11.20"]
[Round "4.25"]
[White "Margraf, Dieter"]
[Black "Reinhold, Günther"]
[Result "0-1"]
[WhiteElo "1482"]
[BlackElo "1716"]
[PlyCount "100"]
[EventDate "2021.??.??"]
[WhiteTeam "SC Sulzbach-Rosenberg"]
[BlackTeam "Frankfurter TV"]

1. d4 Nf6 2. Bf4 e6 3. e3 d5 4. Nf3 c5 5. c4 Nc6 6. Nc3 cxd4 7. exd4 a6 8. cxd5
Nxd5 9. Nxd5 Qxd5 10. b3 Bb4+ 11. Bd2 Be7 12. Bc4 Qd8 13. Bc3 b5 14. Be2 O-O
15. O-O Bb7 16. Ne5 Rc8 17. Nxc6 Bxc6 18. Rc1 Qb6 19. Bf3 Bxf3 20. Qxf3 Bf6 21.
Rfd1 b4 22. Ba1 Rxc1 23. Rxc1 Bxd4 24. Bxd4 Qxd4 25. Qc6 a5 26. g3 g6 27. Rc5
Qa1+ 28. Kg2 Qxa2 29. Qa4 Qxa4 30. bxa4 Ra8 31. Rb5 Kf8 32. Kf3 Ke8 33. Ke4 Ra7
34. Kd4 Kd7 35. Kc5 Kc7 36. Rb6 Rb7 37. Rc6+ Kb8 38. Rd6 b3 39. Rd1 b2 40. Rb1
Kc7 41. Kc4 Kc6 42. Kc3 Kc5 43. Rxb2 Rxb2 44. Kxb2 Kb4 45. f4 Kxa4 46. g4 Kb4
47. h4 Kc4 48. Ka3 Kd4 49. Ka4 Ke4 50. Kxa5 Kxf4 0-1

[Event "Sparkassen-Open B"]
[Site "Heusenstamm, Martinsee"]
[Date "2021.11.20"]
[Round "4.26"]
[White "Kuran, Rainer"]
[Black "Spreer, Lutz"]
[Result "0-1"]
[WhiteElo "1461"]
[BlackElo "1626"]
[PlyCount "60"]
[EventDate "2021.??.??"]
[WhiteTeam "Karlsruher SF"]
[BlackTeam "1. Burgstädter SK 1914"]

1. e4 d5 2. exd5 Nf6 3. Bb5+ Bd7 4. Be2 Nxd5 5. d4 g6 6. Nf3 Bg7 7. c4 Nb6 8.
Nc3 Bf5 9. Be3 O-O 10. O-O Nc6 11. Rc1 Re8 12. b3 e5 13. d5 Ne7 14. Nh4 Bc8 15.
f4 Nexd5 16. Nxd5 Nxd5 17. Qxd5 Qxh4 18. fxe5 Be6 19. Qd4 Qe7 20. Bf4 Rad8 21.
Qxa7 Bc8 22. Bf3 b6 23. e6 Qc5+ 24. Kh1 Bxe6 25. Qxc7 Qa5 26. Bc6 Rc8 27. Qb7
Red8 28. Bg5 Qxg5 29. Qxb6 Rd6 30. Rcd1 Rdxc6 0-1

[Event "Sparkassen-Open B"]
[Site "Heusenstamm, Martinsee"]
[Date "2021.11.20"]
[Round "4.27"]
[White "Gude, Michael"]
[Black "Burlutskaia, Maria"]
[Result "0-1"]
[WhiteElo "1643"]
[BlackElo "1415"]
[PlyCount "110"]
[EventDate "2021.??.??"]
[WhiteTeam "Frankfurter TV"]
[BlackTeam "TTC Grün-Weiß Fritzdorf"]

1. e4 e5 2. Nf3 Nc6 3. Bc4 Bc5 4. c3 Nf6 5. d3 d6 6. h3 O-O 7. O-O h6 8. Re1 a6
9. Bb3 Ba7 10. Nbd2 Re8 11. Nf1 Ne7 12. Ng3 Ng6 13. d4 Be6 14. Be3 Bxb3 15.
Qxb3 Qd7 16. Rad1 exd4 17. Bxd4 Qb5 18. Qxb5 axb5 19. a3 Nd7 20. Bxa7 Rxa7 21.
Nd4 Re5 22. Ngf5 Nf6 23. f3 Rc5 24. Kf2 Kf8 25. g3 Ne7 26. Ne3 Nc6 27. Nb3 Re5
28. Rd2 Ra8 29. Red1 Rae8 30. Rd3 Rg5 31. Nd4 Ne5 32. R3d2 Nc4 33. Nxc4 bxc4
34. Nf5 Rh5 35. h4 g6 36. g4 gxf5 37. gxh5 fxe4 38. Re2 exf3 39. Rxe8+ Kxe8 40.
Kxf3 Nd7 41. Kg4 Ne5+ 42. Kf5 Ke7 43. Re1 b6 44. a4 Kf8 45. Re4 Ke7 46. Re2 Ke8
47. Rxe5+ dxe5 48. Kxe5 Ke7 49. Kf5 c6 50. Ke5 f6+ 51. Kd4 Kd6 52. Ke4 Ke6 53.
Kd4 Kf5 54. Kxc4 Ke4 55. a5 bxa5 0-1

[Event "Sparkassen-Open B"]
[Site "Heusenstamm, Martinsee"]
[Date "2021.11.20"]
[Round "4.30"]
[White "Chua, Daniel James"]
[Black "de Boer, Alex"]
[Result "1-0"]
[WhiteElo "1315"]
[BlackElo "1213"]
[PlyCount "65"]
[EventDate "2021.??.??"]
[WhiteTeam "SC Garching"]
[BlackTeam "SK Bickenbach"]

1. e4 c6 2. Nc3 d5 3. Nf3 dxe4 4. Nxe4 Bf5 5. Ng3 g6 6. Nxf5 gxf5 7. Bc4 e6 8.
Qe2 Bg7 9. d3 h6 10. c3 Nd7 11. Bf4 Qa5 12. O-O Ne7 13. Rae1 Nd5 14. Bd6 Bf8
15. Be5 Rg8 16. Nd4 Nxe5 17. Qxe5 Bg7 18. Qxf5 Bxd4 19. cxd4 Rg6 20. Qe5 Kd7
21. f4 f5 22. g3 h5 23. Re2 Rag8 24. Rfe1 h4 25. Bxd5 cxd5 26. Rc1 hxg3 27. h3
Rh6 28. Rec2 Qb6 29. Rc7+ Ke8 30. Rc8+ Kf7 31. R1c7+ Kg6 32. Rxg8+ Kh5 33. Qg7
1-0

[Event "Sparkassen-Open B"]
[Site "Heusenstamm, Martinsee"]
[Date "2021.11.20"]
[Round "4.31"]
[White "Englert, Lin"]
[Black "Herrmann, Gerhard"]
[Result "1/2-1/2"]
[WhiteElo "1476"]
[BlackElo "1555"]
[PlyCount "85"]
[EventDate "2021.??.??"]
[WhiteTeam "TV-Großostheim"]
[BlackTeam "SC Königsspringer Alzenau"]

1. d4 d5 2. c4 e6 3. Nc3 Nf6 4. cxd5 exd5 5. Bf4 g6 6. e3 c6 7. Bd3 Bg7 8. Nf3
O-O 9. O-O Re8 10. h3 Nbd7 11. Qc2 b5 12. a3 a5 13. b3 Nh5 14. Bd6 Re6 15. Bh2
Bb7 16. Ne2 Rc8 17. Qb2 Nc5 18. Qc2 Nxd3 19. Qxd3 Qe7 20. Rfc1 Ba6 21. Qd2 a4
22. b4 Bb7 23. g4 Nf6 24. Ng5 Ne4 25. Nxe4 Rxe4 26. Re1 f5 27. Ng3 Re6 28. gxf5
gxf5 29. Nxf5 Qg5+ 30. Ng3 h5 31. f4 Qh4 32. f5 Rf6 33. Kg2 Qg5 34. Kh1 h4 35.
Ne2 Qxf5 36. Nf4 Qe4+ 37. Qg2 Qxg2+ 38. Nxg2 Rcf8 39. Bf4 Bc8 40. Kh2 Bh6 41.
Bxh6 Rxh6 42. Nf4 Bf5 43. Rg1+ 1/2-1/2

[Event "Sparkassen-Open B"]
[Site "Heusenstamm, Martinsee"]
[Date "2021.11.20"]
[Round "4.32"]
[White "Jansen, Malte"]
[Black "Englert, Fred"]
[Result "0-1"]
[WhiteElo "1427"]
[BlackElo "1779"]
[PlyCount "56"]
[EventDate "2021.??.??"]
[WhiteTeam "SC Herborn"]
[BlackTeam "SK Klingenberg"]

1. e4 c6 2. Nf3 d5 3. exd5 cxd5 4. d4 g6 5. Nbd2 Bg7 6. b3 Nf6 7. Bb2 O-O 8.
Bd3 Nc6 9. c3 Qc7 10. O-O b6 11. Qc2 e5 12. dxe5 Ng4 13. Rae1 Ngxe5 14. Nxe5
Nxe5 15. f4 Ng4 16. h3 Qc5+ 17. Kh1 Ne3 18. Rxe3 Qxe3 19. Rf3 Qe7 20. Nf1 Bb7
21. f5 d4 22. Rg3 Be5 23. Rg4 h5 24. Re4 Bxe4 25. Bxe4 dxc3 26. Bxc3 Rac8 27.
fxg6 Rxc3 28. gxf7+ Qxf7 0-1

[Event "Sparkassen-Open B"]
[Site "Heusenstamm, Martinsee"]
[Date "2021.11.20"]
[Round "4.33"]
[White "Köberl, Christiane"]
[Black "Kanno, Clara Yumi"]
[Result "1-0"]
[WhiteElo "1680"]
[BlackElo "1178"]
[PlyCount "83"]
[EventDate "2021.??.??"]
[WhiteTeam "VL Sulzbach"]
[BlackTeam "SK Altenkirchen"]

1. d4 d5 2. c4 Nf6 3. Nc3 Bf5 4. f3 e6 5. e3 Nbd7 6. Nge2 Be7 7. Ng3 Bg6 8.
cxd5 exd5 9. Be2 O-O 10. O-O Bd6 11. Qe1 c6 12. e4 dxe4 13. Ngxe4 Nxe4 14. fxe4
Nb6 15. Be3 Re8 16. e5 Bc7 17. h4 Nd5 18. Bg5 Qd7 19. a4 Ba5 20. Rc1 h6 21. Bd2
Bb6 22. Qf2 Nc7 23. Be3 Rad8 24. Rcd1 Nd5 25. Nxd5 Qxd5 26. Qg3 h5 27. Kh1 Qb3
28. Qg5 Qxb2 29. Bxh5 Bxh5 30. Qxh5 Qb3 31. Bg1 Rd7 32. Qf5 Red8 33. Rd3 Qxa4
34. e6 fxe6 35. Qxe6+ Kh8 36. Rf5 Rd5 37. Rdf3 Qc2 38. Qg6 Rxf5 39. Rxf5 Qd1
40. Rh5+ Kg8 41. Qe6+ Kf8 42. Rh8# 1-0

[Event "Sparkassen-Open B"]
[Site "Heusenstamm, Martinsee"]
[Date "2021.11.20"]
[Round "4.34"]
[White "Homfeldt, Maren"]
[Black "Tobias, Karolin"]
[Result "0-1"]
[WhiteElo "1144"]
[BlackElo "1321"]
[PlyCount "46"]
[EventDate "2021.??.??"]
[WhiteTeam "SC Noris-Tarrasch Nürnberg"]
[BlackTeam "SV Oberursel"]

1. g3 e5 2. Bg2 d5 3. h4 Nf6 4. a3 Nc6 5. d3 Bf5 6. f3 Bc5 7. Nc3 O-O 8. g4
Bxg4 9. Bg5 Bf5 10. e4 dxe4 11. fxe4 Be6 12. Qf3 Nd4 13. Bxf6 Nxf3+ 14. Nxf3
Qxf6 15. Rf1 Qg6 16. Nxe5 Qxg2 17. O-O-O Qg3 18. Nf3 Bg4 19. Ne2 Qd6 20. e5 Qe7
21. Nf4 Be3+ 22. Kb1 Bxf4 23. Rde1 Bxf3 0-1

[Event "Sparkassen-Open B"]
[Site "Heusenstamm, Martinsee"]
[Date "2021.11.20"]
[Round "4.35"]
[White "Althaus, Lennart"]
[Black "Schmidt, Moritz"]
[Result "1/2-1/2"]
[WhiteElo "1620"]
[BlackElo "1425"]
[PlyCount "83"]
[EventDate "2021.??.??"]
[WhiteTeam "TV-Großostheim"]
[BlackTeam "SVG Plettenberg"]

1. c4 c5 2. Nc3 Nf6 3. g3 d5 4. cxd5 Nxd5 5. Bg2 Nc7 6. Nf3 Nc6 7. O-O e5 8. d3
Be7 9. a3 Rb8 10. Bd2 O-O 11. Qc2 Ne6 12. Ne4 b6 13. Be3 Bb7 14. Rab1 Ncd4 15.
Bxd4 exd4 16. b4 Rc8 17. bxc5 Bxe4 18. dxe4 bxc5 19. Qc4 Qa5 20. Rb3 Rb8 21. e3
Rxb3 22. Qxb3 Rd8 23. exd4 cxd4 24. Rd1 Bxa3 25. Ra1 d3 26. Qxa3 Qxa3 27. Rxa3
d2 28. Nxd2 Rxd2 29. Rxa7 h6 30. Ra8+ Kh7 31. Ra7 f6 32. Bh3 Ng5 33. Bf5+ Kg8
34. Bg6 Kf8 35. Ra8+ Ke7 36. Re8+ Kd7 37. Rg8 Nh3+ 38. Kg2 Nxf2 39. Rxg7+ Kd6
40. Rg8 Nxe4+ 41. Kf1 Rd4 42. Rd8+ 1/2-1/2

[Event "Sparkassen-Open B"]
[Site "Heusenstamm, Martinsee"]
[Date "2021.11.20"]
[Round "4.36"]
[White "Gärtner, Johannes"]
[Black "Pu, Tim Yu"]
[Result "0-1"]
[WhiteElo "1354"]
[BlackElo "1620"]
[PlyCount "108"]
[EventDate "2021.??.??"]
[WhiteTeam "SF Mainz"]
[BlackTeam "SV Großauheim"]

1. e4 e5 2. Nf3 Nf6 3. Nxe5 Qe7 4. d4 d6 5. Nf3 Qxe4+ 6. Qe2 Qxe2+ 7. Bxe2 Be6
8. c4 c6 9. Nc3 Be7 10. Bf4 h6 11. h4 d5 12. b3 Nbd7 13. O-O O-O 14. Rfe1 Bb4
15. Bd2 b6 16. Rac1 Rae8 17. a4 Bg4 18. Nb1 Bxd2 19. Nbxd2 Re6 20. Bd3 Rfe8 21.
Rxe6 Rxe6 22. Re1 Bxf3 23. Nxf3 Ne4 24. cxd5 cxd5 25. Re2 Ndf6 26. Nh2 Rc6 27.
Rc2 Rxc2 28. Bxc2 Nc3 29. Kf1 b5 30. axb5 Nxb5 31. Ke1 Nxd4 32. Bd1 Kf8 33. Nf1
Ke7 34. Ne3 Kd6 35. Kd2 Kc5 36. Kc3 Ne4+ 37. Kb2 Nxf2 38. Bg4 Nxg4 39. Nxg4 Kb4
40. Ne5 Nxb3 41. Nxf7 Nc5 42. Ne5 Na4+ 43. Kc2 Kc5 44. Kd3 Nb6 45. Nf3 a5 46.
Nd2 a4 47. Nb1 Nd7 48. Na3 Ne5+ 49. Kc2 Kb4 50. Nb1 Ng4 51. Kd3 Kb3 52. Kd4 Nf6
53. Nc3 a3 54. g3 a2 0-1

[Event "Sparkassen-Open B"]
[Site "Heusenstamm, Martinsee"]
[Date "2021.11.20"]
[Round "4.37"]
[White "Czinkota, Michael"]
[Black "Boll, Nils"]
[Result "1/2-1/2"]
[WhiteElo "1604"]
[BlackElo "1406"]
[PlyCount "122"]
[EventDate "2021.??.??"]
[WhiteTeam "SC Bad Soden"]
[BlackTeam "SV Großauheim"]

1. e4 c6 2. d4 d5 3. e5 Bf5 4. Nf3 e6 5. Bd3 Bxd3 6. Qxd3 Qa5+ 7. c3 Qa6 8.
Qxa6 Nxa6 9. Bf4 Ne7 10. Nbd2 Nf5 11. Nf1 c5 12. Ne3 Nxe3 13. Bxe3 Be7 14. g3
O-O 15. h4 cxd4 16. Bxd4 Bc5 17. g4 Bxd4 18. Nxd4 Nc7 19. O-O-O Rac8 20. Kb1 a6
21. a4 Na8 22. Rh3 Nb6 23. b3 Nd7 24. f4 Nc5 25. Kb2 Ne4 26. Rf3 Rfe8 27. f5
exf5 28. Nxf5 Rxe5 29. Rxd5 Rxd5 30. Ne7+ Kf8 31. Nxd5 Rd8 32. c4 Nc5 33. Kc3
Rd6 34. Kb4 Nd7 35. Re3 Re6 36. Ka5 Rxe3 37. Nxe3 Ke7 38. b4 g6 39. b5 axb5 40.
cxb5 Ke6 41. Nc4 f5 42. gxf5+ gxf5 43. Nb6 Nxb6 44. Kxb6 f4 45. Kxb7 f3 46. b6
f2 47. Ka7 f1=Q 48. b7 Qa1 49. b8=Q Qxa4+ 50. Kb7 Qb4+ 51. Kc8 Qxb8+ 52. Kxb8
h5 53. Kc7 Kf5 54. Kd6 Kg4 55. Ke5 Kxh4 56. Kf4 Kh3 57. Kf3 Kh2 58. Kf2 h4 59.
Kf3 h3 60. Kf2 Kh1 61. Kf3 h2 1/2-1/2

[Event "Sparkassen-Open B"]
[Site "Heusenstamm, Martinsee"]
[Date "2021.11.20"]
[Round "4.38"]
[White "Wirtjes, Edzard"]
[Black "Papadopoulos, Leon"]
[Result "1-0"]
[WhiteElo "1552"]
[BlackElo "1337"]
[PlyCount "105"]
[EventDate "2021.??.??"]
[WhiteTeam "Fortuna Logabirum"]
[BlackTeam "SV Oberursel"]

1. c4 e5 2. Nc3 Nf6 3. d3 d5 4. cxd5 Nxd5 5. g3 Nc6 6. Bg2 Be6 7. Nf3 Nb6 8.
O-O Be7 9. a3 f6 10. b4 a5 11. b5 Nd4 12. Nxd4 exd4 13. Na4 Bd5 14. Nxb6 cxb6
15. Bxd5 Qxd5 16. a4 O-O 17. Bd2 Rac8 18. Qb1 Rfe8 19. Qa2 Qxa2 20. Rxa2 Bc5
21. Re1 Re6 22. e3 Rce8 23. e4 f5 24. f3 g6 25. Re2 fxe4 26. fxe4 Rf8 27. Rf2
Ref6 28. Rxf6 Rxf6 29. Kg2 Kg7 30. Be1 h6 31. Rc2 Rd6 32. Bxa5 Ba3 33. Be1 Rd7
34. g4 Be7 35. Bg3 Bc5 36. e5 Re7 37. Kf3 g5 38. Ke4 Kg6 39. Rf2 Rf7 40. Rxf7
Kxf7 41. Bf2 Be7 42. Bxd4 Bd8 43. Kd5 Bc7 44. h3 Ke7 45. e6 Kf8 46. Be5 Bxe5
47. Kxe5 Ke7 48. d4 h5 49. gxh5 g4 50. hxg4 Kd8 51. h6 Kc8 52. h7 Kb8 53. a5
1-0

[Event "Sparkassen-Open B"]
[Site "Heusenstamm, Martinsee"]
[Date "2021.11.20"]
[Round "4.39"]
[White "Barth, Horst"]
[Black "Schwegler, Jelena"]
[Result "0-1"]
[WhiteElo "1320"]
[BlackElo "1484"]
[PlyCount "66"]
[EventDate "2021.??.??"]
[WhiteTeam "SF Mainz"]
[BlackTeam "SK Bad Homburg"]

1. c4 c5 2. g3 g6 3. Bg2 Bg7 4. Nc3 Nc6 5. d3 d6 6. e3 e6 7. Nge2 Nge7 8. O-O
O-O 9. a3 a6 10. f4 Rb8 11. Rb1 b5 12. cxb5 axb5 13. Qd2 b4 14. axb4 Nxb4 15.
Ra1 Bb7 16. Bxb7 Rxb7 17. e4 Nec6 18. Kh1 f5 19. Qe1 Nc2 20. Qd1 Nxa1 21. Qa4
Nb4 22. Qxa1 Nxd3 23. Qa6 Nxc1 24. Qxb7 Nxe2 25. Nxe2 fxe4 26. Qxe4 Qa8 27. Nc3
c4 28. Kg1 Qxe4 29. Nxe4 d5 30. Nc5 Bd4+ 31. Kg2 Bxc5 32. Kf3 Rb8 33. Rf2 Bxf2
0-1

[Event "Sparkassen-Open B"]
[Site "Heusenstamm, Martinsee"]
[Date "2021.11.20"]
[Round "4.40"]
[White "Goodwin, David"]
[Black "Matsoukas, Konstantinos"]
[Result "1/2-1/2"]
[WhiteElo "1542"]
[BlackElo "1148"]
[PlyCount "146"]
[EventDate "2021.??.??"]
[WhiteTeam "SV Kelsterbach"]
[BlackTeam "Frankfurter TV"]

1. Nf3 d5 2. g3 Nc6 3. Bg2 e5 4. d3 Nf6 5. O-O Be6 6. Nbd2 Bc5 7. a3 a5 8. c4
O-O 9. Nb3 Ba7 10. Bg5 dxc4 11. Bxf6 Qxf6 12. dxc4 Bxc4 13. Nbd2 Ba6 14. Ne4
Qg6 15. Nh4 Qg4 16. h3 Qxe2 17. Qxe2 Bxe2 18. Rfe1 Ba6 19. Rac1 Rad8 20. Nc5
Rd2 21. Bxc6 bxc6 22. Rxe5 Bxc5 23. Rexc5 Rxb2 24. Rxc6 Bb7 25. Rxc7 Rd8 26.
Nf5 h6 27. Ne3 Bf3 28. g4 Ra2 29. Rc8 Rxc8 30. Rxc8+ Kh7 31. Rc5 Rxa3 32. Rf5
Be4 33. Rxf7 Ra1+ 34. Kh2 a4 35. Nf5 Bxf5 36. gxf5 Kg8 37. Ra7 a3 38. Kg2 Ra2
39. Ra8+ Kf7 40. Ra5 Kf6 41. Kf3 g6 42. fxg6 Kxg6 43. h4 Ra1 44. h5+ Kf6 45.
Kf4 a2 46. Ra6+ Kf7 47. Kf5 Ke7 48. f4 Kd7 49. Kf6 Kc7 50. f5 Kb7 51. Ra3 Kc7
52. Kf7 Kb7 53. f6 Kc7 54. Kf8 Kd7 55. f7 Kc7 56. Ra7+ Kb6 57. Ra3 Kb7 58. Kg7
Rg1+ 59. Kxh6 Rf1 60. Rxa2 Rxf7 61. Rg2 Kc6 62. Rg7 Rf8 63. Kh7 Kd6 64. h6 Ke6
65. Rg1 Kf7 66. Rf1+ Ke7 67. Re1+ Kf7 68. Ra1 Kf6 69. Rf1+ Ke7 70. Rxf8 Kxf8
71. Kh8 Kf7 72. Kh7 Kf8 73. Kg6 Kg8 1/2-1/2